Том 43 : Николай Николаевич Славянов. Жизнь и деятельность; Труды лаборатории гидрогеологических проблем

מידע ביבליוגרפי
Parent link:Труды лаборатории гидрогеологических проблем/ Академия наук СССР (АН ССР), Отделение геолого-географических наук. Том 43 : Николай Николаевич Славянов. Жизнь и деятельность.— , 1948-1962
מחבר ראשי: Гордеев Д. И. Демьян Игнатьевич
מחברים אחרים: Афанасьев Т. П. (редактор)
שפה:רוסית
יצא לאור: 1962
נושאים:
פורמט: ספר
KOHA link:https://koha.lib.tpu.ru/cgi-bin/koha/opac-detail.pl?biblionumber=290968

MARC

LEADER 00000nam2a2200000 4500
001 290968
005 20231102000336.0
035 |a (RuTPU)RU\TPU\book\315528 
090 |a 290968 
100 |a 20150409d1962 k y0rusy50 ca 
101 0 |a rus 
102 |a RU 
105 |a a z 001zb 
200 0 |a Том 43 : Николай Николаевич Славянов. Жизнь и деятельность  |f Д. И. Гордеев 
210 |d 1962 
215 |a 136 с.  |c ил. 
320 |a Библиогр.: с. 125-133 
461 1 |0 (RuTPU)RU\TPU\book\254855  |t Труды лаборатории гидрогеологических проблем  |f Академия наук СССР (АН ССР), Отделение геолого-географических наук  |v Том 43 : Николай Николаевич Славянов. Жизнь и деятельность  |d 1948-1962 
600 1 |a Славянов  |b Николай Николаевич  |c гидрогеолог  |c член-корр. АН СССР ( с 1946)  |c директор Лаборатории гидрогеологических проблем АН СССР (1947-1956)  |f 1878-1958  |g Николай Николаевич  |2 stltpush  |3 (RuTPU)RU\TPU\pers\21909 
606 1 |a Гидрогеология  |2 stltpush  |3 (RuTPU)RU\TPU\subj\38647  |9 59032 
610 1 |a история 
610 1 |a научная деятельность 
610 1 |a труды 
610 1 |a биографии 
675 |a 556.3(092)  |v 4 
700 1 |a Гордеев  |b Д. И.  |g Демьян Игнатьевич 
702 1 |a Афанасьев  |b Т. П.  |4 340 
801 1 |a RU  |b 63413507  |c 20150409 
801 2 |a RU  |b 63413507  |c 20171130  |g RCR 
942 |c BK